| 000 | 00557nam a2200169 a 4500 | ||
|---|---|---|---|
| 001 | 000048911 | ||
| 005 | 20201002061514.0 | ||
| 008 | 190501s2018 dr b r 000 0 spa d | ||
| 020 | _a9789945914207 | ||
| 040 |
_aDO-SdBNP _bspa _cBNPHU |
||
| 082 |
_axxxx _bF363v |
||
| 100 | 1 |
_aFernández, Félix _911384 |
|
| 245 | 1 | 0 |
_aVisitas sorpresa : _bun camino de acercamiento y desarrollo humano / _cFélix Fernández. |
| 260 |
_aSanto Domingo : _bMinisterio Administrativo de la Presidencia, _c2018. |
||
| 300 |
_a1995 p. ; _c31 cm. |
||
| 590 | _aInventariado, 2019/BT | ||
| 999 |
_c48399 _d48399 |
||